Foodborne pathogens : (Record no. 6949)

MARC details
000 -LEADER
fixed length control field 00914cam a2200265 a 4500
001 - CONTROL NUMBER
control field BD-DhSAU 6949
003 - CONTROL NUMBER IDENTIFIER
control field BD-DhSAU
005 - DATE AND TIME OF LATEST TRANSACTION
control field 20150514182825.0
008 - FIXED-LENGTH DATA ELEMENTS--GENERAL INFORMATION
fixed length control field 020315s2002 flua b 001 0 eng
020 ## - INTERNATIONAL STANDARD BOOK NUMBER
International Standard Book Number 0849312132 (CRC Press)
020 ## - INTERNATIONAL STANDARD BOOK NUMBER
International Standard Book Number 1855734540 (Woodhead)
040 ## - CATALOGING SOURCE
Original cataloging agency BD-DhSAU
082 00 - DEWEY DECIMAL CLASSIFICATION NUMBER
Classification number 615.954
Edition number 22
Item number FOO
245 00 - TITLE STATEMENT
Title Foodborne pathogens :
Remainder of title hazards, risk analysis, and control /
Statement of responsibility, etc. edited by Clive de W. Blackburn and Peter J. McClure.
260 ## - PUBLICATION, DISTRIBUTION, ETC. (IMPRINT)
Place of publication, distribution, etc. Boca Raton, FL :
Name of publisher, distributor, etc. CRC Press ,
Place of publication, distribution, etc. Cambridge, England :
Name of publisher, distributor, etc. Woodhead ,
Date of publication, distribution, etc. c2002.
300 ## - PHYSICAL DESCRIPTION
Extent xvii, 521 p. :
Other physical details ill. ;
Dimensions 25 cm.
440 #0 - SERIES STATEMENT/ADDED ENTRY--TITLE
Title Woodhead Publishing in food science and technology
504 ## - BIBLIOGRAPHY, ETC. NOTE
Bibliography, etc Includes bibliographical references and index.
590 ## - Name of Cataloguer
Name of Cataloger Jerin
650 #0 - SUBJECT ADDED ENTRY--TOPICAL TERM
Topical term or geographic name as entry element Foodborne diseases.
650 #0 - SUBJECT ADDED ENTRY--TOPICAL TERM
Topical term or geographic name as entry element Food
General subdivision Microbiology.
650 #0 - SUBJECT ADDED ENTRY--TOPICAL TERM
Topical term or geographic name as entry element Plant Pathology
700 1# - ADDED ENTRY--PERSONAL NAME
Personal name Blackburn, Clive de W.
700 1# - ADDED ENTRY--PERSONAL NAME
Personal name McClure, Peter J.
942 ## - ADDED ENTRY ELEMENTS (KOHA)
Source of classification or shelving scheme Dewey Decimal Classification
Koha item type Book
Holdings
Withdrawn status Lost status Source of classification or shelving scheme Damaged status Not for loan Collection code Home library Branch Name Shelving location Date acquired Total Checkouts Full call number Barcode Date last seen Price effective from Koha item type
    Dewey Decimal Classification   Not For Loan Reference SAU Library SAU Library Reference 28/11/2006   615.954 FOO 32115 14/05/2015 14/05/2015 Book